University Home | Library Home | Institutional Repository

Oceania and beyond : (Record no. 199180)

MARC details
000 -LEADER
fixed length control field 00990cam1a220028900 4500
001 - CONTROL NUMBER
control field lce00101138
005 - DATE AND TIME OF LATEST TRANSACTION
control field 20190830123021.0
008 - FIXED-LENGTH DATA ELEMENTS--GENERAL INFORMATION
fixed length control field 760722s1976 ctubf b 001 0 eng
010 ## - LIBRARY OF CONGRESS CONTROL NUMBER
LC control number 76005261 //r912
020 ## - INTERNATIONAL STANDARD BOOK NUMBER
Terms of availability
-- 2.50
035 ## - SYSTEM CONTROL NUMBER
System control number (Sirsi) r29953
035 ## - SYSTEM CONTROL NUMBER
System control number (DLC) 76005261 //r912
035 ## - SYSTEM CONTROL NUMBER
System control number (UPRA)lce00101138
040 ## - CATALOGING SOURCE
Original cataloging agency DLC
Transcribing agency DLC
Modifying agency DLC
043 ## - GEOGRAPHIC AREA CODE
Geographic area code po-----
050 00 - LIBRARY OF CONGRESS CALL NUMBER
Classification number DU29
Item number .O25 1976
082 00 - DEWEY DECIMAL CLASSIFICATION NUMBER
Classification number 990
245 00 - TITLE STATEMENT
Title Oceania and beyond :
Remainder of title essays on the Pacific since 1945 /
Statement of responsibility, etc. F. P. King, editor.
260 ## - PUBLICATION, DISTRIBUTION, ETC.
Place of publication, distribution, etc. Westport, Conn. :
Name of publisher, distributor, etc. Greenwood Press,
Date of publication, distribution, etc. 1976.
504 ## - BIBLIOGRAPHY, ETC. NOTE
Bibliography, etc. note Includes bibliographical references and index.
651 #0 - SUBJECT ADDED ENTRY--GEOGRAPHIC NAME
Geographic name Oceania -- Politics and government.
General subdivision Oceania -- Politics and government.
Linkage S46069.1
651 #0 - SUBJECT ADDED ENTRY--GEOGRAPHIC NAME
Geographic name Oceania -- Economic conditions.
General subdivision Oceania -- Economic conditions.
Linkage S58786.1
700 1# - ADDED ENTRY--PERSONAL NAME
Personal name King, F. P.
Linkage A94408.1
949 ## - LOCAL PROCESSING INFORMATION (OCLC)
a DU29
w lcc
i -33616
m MAIN
t BOOK
l ON-SHELF
987 ## - LOCAL ROMANIZATION/CONVERSION HISTORY (OCLC)
Romanization/conversion identifier accession : unreadable?

No items available.

© 2026 - The University of Zambia Library - Koha v25.11